000 01490nam a2200265Ia 4500
001 18172
003 GE_BSU
008 181216s||||||||xx |||||||||||||| ||und||
040 _cGE_BSU
080 _a811.353.1'282
245 _aXXVII რესპუბლიკური დიალექტოლოგიური სამეცნიერო სესია:მასალები
245 _b2008 წ. 14-15 ნოემბერი
245 _cრედ.: მ. ჩუხუა
250 _aარნოლდ ჩიქობავას ენათმეცნიერების ინ-ტი. ახალციხის სახ-ინ-ტი
260 _aთბილისი
260 _bარნოლდ ჩიქობავას ენათმეცნიერების ინ-ტი
260 _c2008
300 _a76გვ.20სმ.
520 _aეძღვნება ჟორჟ დიუმეზილის დაბადებიდან 110-ე წლისთავს
541 _h2 ლ.
653 _aXXVIII რესპუბლიკური დიალექტოლოგიური სამეცნიერო სესია
653 _aკავკასიური ენები; დიალექტოლოგია
653 _aქართული ენის დიალექტები; ქართველური ენების დიალექტები;
942 _cBK
999 _c51212
_d51212